MDQL
is popping MORE tags! Check the
thread
!
Quizzes
Events
Quiz Creation
Community
Videos
Private Events
Remove Ads
Sign In
Join for FREE
Feedback
Dark Mode
Quiz Categories
Sports
Geography
Music
Movies
Television
Just For Fun
Miscellaneous
History
Literature
Language
Science
Gaming
Entertainment
Religion
Holiday
For Kids
Quiz Lab
Recent
Popular Today
Quiz Kudos Today
Editor Picks
Curator Picks
Quizzes by...
Day
Popularity
Type
Ratings
Length
Year
Community
Subscriptions
Recent Discussions
Orange Saloon
Badges
Playlists
Quests
Create
Leaderboards
Showdown
Live 5
Trivia Bingo
Activity
Puzzle Library
Sporcle Events
Private Events
Virtual Trivia
Globe League
Become a Host
Pub Owners
SporcleCon
Opinionation
Our Games
Videos
Blog
Mobile Apps
Partnerships
Remove Ads and Go Orange
Feedback
Sports
Athletes
MLB
NBA
NHL
NFL
Soccer
Sports Teams
WWE
NCAA
Football
Premier League
Basketball
Baseball
Hockey
Golf
Tennis
Cricket
Rugby
Auto Racing
Olympics
World Cup
Sports
Athletes
MLB
NBA
NHL
NFL
Soccer
Sports Teams
WWE
NCAA
Football
Premier League
Basketball
Baseball
Hockey
Golf
Tennis
Cricket
Rugby
Auto Racing
Olympics
World Cup
Random Quiz
Search Sporcle
×
Quiz Lab
Quiz Lab
Sports
Nintendo
Type in answers that appear in a list
Type in answers that appear in a list
Classic
Best Score? Go Orange.
Preakness Stakes Winners Stats
Can you name the Preakness Stakes Winners?
By
kpwi
20m
137 Questions
1,228 Plays
1,228 Plays
1,228 Plays
Comments
Comments
Give Quiz Kudos
Give Quiz Kudos
-
- Ratings
hide this ad
Replay
Link that replays current quiz
Next Quiz
Link to next quiz in quiz playlist
You Got
0%
They Got
Avg Score
72%
Avg Friend Score
Upgrade to see
Score Distribution
Jump to the score distribution portion of the page
Score
0/137
Timer
20:00
0
Plays Today
Year
% Correct
1919
Sir Barton
92.5%
1920
Man O'War
91.4%
1937
War Admiral
90.6%
1948
Citation
90.5%
2009
Rachel Alexandra
90.2%
1941
Whirlaway
90%
1943
Count Fleet
89.9%
1930
Gallant Fox
89.8%
1935
Omaha
89.6%
1973
Secretariat
89.3%
1978
Affirmed
89%
1977
Seattle Slew
89%
1946
Assault
88.4%
1964
Northern Dancer
88.3%
2008
Big Brown
88.1%
1997
Silver Charm
87.9%
2004
Smarty Jones
87.8%
2003
Funny Cide
87.6%
1951
Bold
87.4%
1998
Real Quiet
87.3%
2002
War Emblem
87.3%
1989
Sunday Silence
87.2%
1999
Charismatic
86.7%
1987
Alysheba
86.5%
1979
Spectacular Bid
86.3%
1953
Native Dancer
85.7%
2007
Curlin
85.5%
2001
Point Given
84.4%
2005
Afleet Alex
84.4%
1969
Majestic Prince
83.5%
1957
Bold Ruler
83.2%
1968
Forward Pass
82.9%
2011
Shackleford
81.9%
1873
Survivor
81.8%
1955
Nashua
81.8%
1966
Kauai King
81.8%
2006
Bernardini
81.4%
1988
Risen Star
81.3%
1981
Pleasant Colony
80.3%
1936
Bold Venture
80.1%
2000
Red Bullet
80.1%
2010
Lookin At Lucky
80.1%
1958
Tim Tam
80%
1924
Nellie Morse
79.5%
1932
Burgoo King
79.1%
1991
Hansel
78.9%
Year
% Correct
1961
Carry Back
78.6%
1967
Damascus
77.8%
1995
Timber Country
77.6%
1944
Pensive
76%
1971
Canonero II
75.9%
1972
Bee Bee Bee
75.8%
1980
Codex
75.6%
1994
Tabasco Cat
74.9%
1874
Culpepper
74.4%
1975
Master Derby
74.4%
1992
Pine Bluff
74.3%
1876
Shirley
73.9%
1915
Rhine Maiden
73.9%
1940
Bimelech
73.8%
1974
Little Current
73.7%
1963
Candy Spots
73.5%
1962
Greek Money
72.3%
1895
Belmar
72.2%
1986
Snow Chief
72.2%
1879
Duke Of Magenta
72.1%
1942
Alsab
72.1%
1990
Summer Squall
71.8%
1877
Cloverbrook
71.8%
1918
War Cloud
71.8%
1906
Whimsical
71.4%
1984
Gate Dancer
71.4%
1996
Louis Quatorze
71%
1993
Prairie Bayou
70.9%
1881
Grenada
70.9%
1918
Jack Hare, Jr.
70.8%
1922
Pillory
70.8%
1882
Saunterer
70.4%
1900
Hindus
70%
1890
Buddhist
70%
1883
Vanguard
69.5%
1887
The Bard
69.2%
1965
Tom Rolfe
69.2%
1903
Flocarline
69%
1952
Blue Man
68.5%
1982
Aloma's Ruler
68.2%
1983
Deputed Testamony
68.1%
1923
Vigil
67.2%
1902
Old England
67.1%
1949
Capot
67.1%
1880
Harold
66.8%
1933
Head Play
66.8%
Year
% Correct
1945
Polynesian
66.7%
1921
Broomspun
66.6%
1970
Personality
66.4%
1985
Tank's Prospect
66.3%
1927
Bostonian
66%
1928
Victorian
66%
1960
Bally Ache
65.8%
1976
Elocutionist
65.5%
1959
Royal Orbit
65.4%
1875
Tom Ochiltree
65.2%
1914
Holiday
64.9%
1908
Royal Tourist
64.2%
1904
Bryn Mawr
64%
1956
Fabius
63.7%
1947
Faultless
63.7%
1939
Challedon
63.5%
1898
Sly Fox
62.9%
1925
Coventry
62.9%
1934
High Quest
62.8%
1899
Half Time
62.4%
1909
Effendi
62.4%
1926
Display
62.1%
1950
Hill Prince
61.5%
1884
Jacobus
61.4%
1938
Dauber
61.3%
1894
Assignee
58.7%
1931
Mate
57.9%
1954
Hasty Road
57.3%
1891
Montague
56.8%
1901
The Parader
56.3%
1896
Margrave
55.9%
1885
Knight of Ellerslie
54.4%
1913
Buskin
54.3%
1929
Dr. Freeland
54.1%
1905
Cairngorm
52.9%
1907
Don Enrique
52.9%
1916
Damrosch
52.7%
1886
Tecumseh
52.4%
1889
Refund
52.4%
1897
Paul Kauvar
49.8%
1911
Watervale
48.5%
1888
Dunboyne
47.3%
1910
Layminster
46.3%
1917
Kalitan
45.9%
1912
Colonel Holloway
43.1%
Quiz Playlist
Details
Report
Send in Message
Add To Playlist
Classic:
Type in answers that appear in a list
Last Updated: Feb 16, 2017
Quiz Scoreboard
CHALLENGE
Sign Up to Join the Scoreboard
Show All
Scores
Hide
Comments
May contain spoilers
Recently Published
Two Season TV Shows II
by 123Four
Television
10m
Image Sorting: Flags VI
by Barbecue
Geography
2m
Find the 'City' Movie
by crazypaving
Movies
60s
More to Explore
Quiz From the Vault
Featured Blog Post
14 Easter Pick-up Lines to Find Eggs With
hide this ad
You Might Also Like...
Tags
Nintendo Quiz
Horse Racing
preakness
Thoroughbred
Triple Crown
Today's Top Quizzes in Sports
Browse Sports
hide this ad
Today's Top Quizzes in Nintendo
Browse Nintendo
Top Contributed Quizzes in Sports
1
Les meilleurs buteurs des matchs entre le PSG et l’OM
2
Les entraîneurs de l'OM et du PSG au 21e siècle
3
2022 World Cup Stars
4
Les joueurs passés par le PSG et l'OM
5
Players with Multiple 50 Home Run Seasons
6
FIFA Club World Cup Champions
7
Criteria MLB: Left Handed Sluggers
8
Les joueurs passés par le LOSC et le RC Lens
9
Top 10 NHL Goal Scorers of All Time
10
NBA Logic Puzzle 2.0
Explore More
Trending Topics
NBA
Kpop
Disney
Crossword
Harry Potter
Marvel
Anime
WWE
The Office
Soccer
Pokémon
NFL
Song
Country
Puzzle
hide this ad
More By:
kpwi
Quiz
Plays
Rating
Category
Featured
Created
Preakness Stakes Winners
1,228
3.33
Sports
May 18, 2011
Breeders Cup Winners
418
Sports
Oct 2, 2010
Triple Crown Race Winners Since 1979
40
Sports
Jul 8, 2012
Kentucky Derby Winners
38
Sports
Oct 4, 2010
Go to Creator's Profile
Score Distribution
Quiz Creator Spotlight
kpwi
Follow
Send a Message
Quizzes Created
-
Created Quiz Play Count
-
More By This Creator
Popular Quizzes Today
1
Find the US States - No Outlines Minefield
2
Colored Red Africa Blitz
3
Find the 'City' Movie
4
5x2 Blitz: Bands
5
The Countries of the World
6
Find the Countries of Europe - No Outlines Minefield
7
Find the US States
8
US States
More Sports Quizzes
Colorado Rockies 25+ HRs Single Season
Curator's Pick
Trending Quizzes
Colored Red Europe Blitz I
Colored Red Africa Blitz II
Colored Red Europe Blitz II
Colored Red Africa Blitz III
Even More Two Season TV Shows
Recently Updated
March Madness Men's Triple Doubles
pecheneg
How Do You Spell That?
pecheneg
Godzilla Movies
pecheneg
Grab Bag: 4-10 Letters
pecheneg
2024 March Madness Bracket
pecheneg
Famous TV Couples
Peacemaker
Champions League XIs: Real Madrid
pecheneg
Largest US Cities 1790-2010
pecheneg
Rides in Walt Disney World
pecheneg
Most Oscar Losses (Acting)
pecheneg
Trending Topics
Kpop
Harry Potter
Disney
Crossword
NBA
Marvel
Anime
Pokémon
Song
The Office
Puzzle
Soccer
Country
NFL
WWE
Your Account Isn't Verified!
In order to create a playlist on Sporcle, you need to verify the email address you used during registration. Go to your
Sporcle Settings
to finish the process.
Report this User
Report this user for behavior that violates our
Community Guidelines
.
Details:
Send Report
Go to the Sporcle.com Mobile Site →
Comments